Statistiques concernant De Quel Avion s'agit-il ?

Cliquez ici pour prendre le quiz!

Statistiques générales

  • Ce quiz a été pris 202 fois
  • Le résultat moyen est 10 sur 25

Statistiques - réponses

Réponse% Correct
757
78%
747
64%
a350
56%
a340
54%
a380
54%
787
53%
a321
50%
737 max
48%
a220
46%
737
44%
a310
42%
a320 neo
42%
a330
41%
a320
40%
777
38%
a318
38%
a319
38%
707
34%
767
32%
a330 neo
32%
a300
31%
727
20%
717
18%
a319 neo
18%
a321 neo
18%

Distribution des résultats

Percentile par nombre de réponses

% des personnes avec chaque résultat

Votre développement - résultats

Vous n’avez pas pris ce quiz